Metalli alcalini - Statistics

Statistiche generali
  • Questo quiz è stato fatto 15 volte
  • Il punteggio medio è 5 su 6
Statistiche sulle risposte
Z Simbolo Elemento % Corretto
3 Li Litio
100%
11 Na Sodio
93%
55 Cs Cesio
79%
19 K Potassio
79%
37 Rb Rubidio
79%
87 Fr Francio
64%
Nessun quiz corrispondente trovato
Distribuzione punteggi
Percentuale di utenti per punteggio
Percentile per numero di risposta
I tuoi punteggi nel tempo
Non hai fatto questo quiz